UBT Library

College algebra : (Record no. 38982)

000 -LEADER
fixed length control field 00676cam a2200217 a 4500
001 - CONTROL NUMBER
control field 11923777
005 - DATE AND TIME OF LATEST TRANSACTION
control field 20171215042540.0
008 - FIXED-LENGTH DATA ELEMENTS--GENERAL INFORMATION
fixed length control field 000228s2001 maua 001 0 eng
010 ## - LIBRARY OF CONGRESS CONTROL NUMBER
LC control number 00026613
020 ## - INTERNATIONAL STANDARD BOOK NUMBER
International Standard Book Number 0201616726
040 ## - CATALOGING SOURCE
Original cataloging agency DLC
Transcribing agency DLC
Modifying agency DLC
041 ## - LANGUAGE CODE
Language code of text/sound track or separate title eng
080 ## - UNIVERSAL DECIMAL CLASSIFICATION NUMBER
Universal Decimal Classification number 512.9
082 00 - DEWEY DECIMAL CLASSIFICATION NUMBER
Classification number 512.9 BIT
Edition number 21
100 ## - Rafti
Rafti 36
101 ## - Shkurtesa
Shkurtesa MAT
245 00 - TITLE STATEMENT
Title College algebra :
Statement of responsibility, etc Marvin L. Bittinger ... [et al.].
906 ## - LOCAL DATA ELEMENT F, LDF (RLIN)
a 7
b cbc
c orignew
d 1
e ocip
f 20
g y-gencatlg
942 ## - ADDED ENTRY ELEMENTS (KOHA)
Source of classification or shelving scheme
Item type Books
Holdings
Withdrawn status Lost status Source of classification or shelving scheme Damaged status Not for loan Collection code Permanent location Current location Shelving location Date acquired Total Checkouts Full call number Barcode Date last seen Price effective from Koha item type
          Koleksioni i përgjithshem UBT - Lipjan UBT - Lipjan Koleksioni i përgjithshem 12/15/2017   512.9 BIT 002-29587 12/15/2017 12/15/2017 Books
UBT Library © 2015-2024. All rights reserved University Education for Business and Technology